000 00789nam a2200241Ia 4500
001 3175
003 GE_BSU
008 181216s||||||||xx |||||||||||||| ||und||
020 _a5900855325
040 _cGE_BSU
080 _a657.471
100 _aШим, Джай К., Сигел, Джойл Г.
245 _aМетоды управления стоимостью и анализа затрат
245 _bmodern cost Managment and Analysis
245 _cПер. с англ. А.П. Калюжный. Ред. С.Н. Высоцкая
260 _aМосква
260 _bФилин
260 _c1996
300 _a344 с. 20 см
541 _h5 л. 20 т.
653 _aМетоды управления стоимостью и анализа затрат
942 _cBK
999 _c37218
_d37218